| 000 | 01242nam a22004457a 4500 | ||
|---|---|---|---|
| 999 |
_c4119 _d234623 |
||
| 020 | _a9506792860 | ||
| 080 | _a347.736/739 B 234 | ||
| 100 | _aBarbieri, Pablo C. | ||
| 245 |
_aNuevo Règimen de Concursos y Quiebras: Ley 24522 _bcomentarios- Jurisprudencia- modelos |
||
| 250 | _a3ª Ed. act. y aum. | ||
| 260 |
_aBuenos Aires _bUniversidad _c2001 |
||
| 300 | _a607 P. | ||
| 650 | _xderecho consursal | ||
| 650 | _xconcurso preventivo | ||
| 650 | _xquiebras | ||
| 650 | _xley 24522 | ||
| 650 | _xcesacion de pagos | ||
| 650 | _xineficacia concursal | ||
| 650 | _xfuero de atraccion | ||
| 650 | _xverificacion | ||
| 650 | _xhomologacion | ||
| 650 | _xconcurso en caso de agrupamiento | ||
| 650 | _xacuerdo preventivo extrajudicial | ||
| 650 | _xrecursos | ||
| 650 | _xefectos de quiebra | ||
| 650 | _xperìodo de sospecha | ||
| 650 | _xextension de la quiebra | ||
| 650 | _xperìodo informativo | ||
| 650 | _xliquidacion | ||
| 650 | _xdistribucion | ||
| 650 | _xavenimiento | ||
| 650 | _xpago total | ||
| 650 | _xprivilegios | ||
| 650 | _xinkabilitaciòn del fallido | ||
| 650 | _xincidentes | ||
| 650 | _xjurisprudencia | ||
| 650 | _xley 24522 | ||
| 942 | _6_ | ||
| 945 |
_acd _d2015-08-24 |
||